000 00301nam a22001457a 4500
008 221024b ||||| |||| 00| 0 eng d
020 _a7614368
041 _aeng
080 _a610.73
082 _a610.73
100 _a8
101 _aINF
245 _aATHEROSCLEROSIS
_cGOTTO A
942 _2udc
_cBK
999 _c58648
_d58648